| 000 | 00437nam a22001457a 4500 | ||
|---|---|---|---|
| 020 | _a9789696320166 | ||
| 082 |
_a823 _bSAR |
||
| 245 |
_ashekspare ki behtreen kahaniyan/ _cBy: Sardar Ahmed |
||
| 260 |
_aلاہور: _bفیکٹ پبلی کیشنز, _c- |
||
| 300 | _a103p.; | ||
| 563 | _aHardcover | ||
| 880 |
_6100-01\r _aسردار احمد |
||
| 880 |
_6245-02\r _aشیکسپیئر کی بہترین کہانیاں |
||
| 942 |
_2ddc _cBK |
||
| 999 |
_c613040 _d613040 |
||